Supercontinents - Statistics

General Stats
  • This quiz has been taken 13 times
  • The average score is 6 of 10
Answer Stats
Hint Answer % Correct
Existed from the Ediacaran to the Jurassic Gondwana
89%
Existed from the Carboniferous to the Jurassic Pangaea
89%
Existed from the Neoarchean to the Rhyacian Kenorland
67%
Existed from the Mesoarchean to the Siderian Ur
67%
Existed from the Orosirian to the Ectasian Columbia
56%
Existed from the Stenian to the Tonian Rodinia
56%
Existed from the Eoarchean to the Mesoarchean Vaalbara
56%
Existed during the Ediacaran Pannotia
44%
Existed from the Rhyacian to the Orosirian Arctica
33%
Existed from the Orosirian to the Stenian Atlantica
33%
No matching quizzes found
Score Distribution
Percent of People with Each Score
Percentile by Number Answered
Your Score History
You have not taken this quiz